[Event "Tarragona-ch Seniors"]
[Site "Cambrils"]
[Date "2020.03.05"]
[Round "7.15"]
[White "Pinto Guell, Emilio"]
[Black "Menchon Lopez, Ricardo"]
[Result "1/2-1/2"]
[WhiteElo "1613"]
[BlackElo "1507"]
[PlyCount "31"]
[EventDate "2020.01.23"]
[EventType "swiss"]
[EventRounds "8"]
[EventCountry "ESP"]
[SourceTitle "EXT 2024"]
[Source "ChessBase"]
[SourceDate "2023.10.10"]
[SourceVersion "1"]
[SourceVersionDate "2023.10.10"]
[SourceQuality "1"]

1. e4 e5 2. Nf3 Nc6 3. Bc4 Be7 4. d4 d6 5. c3 exd4 6. cxd4 Nf6 7. d5 Nb8 8. Nc3 Bg4 9. 0-0 0-0 10. h3 Bxf3 11. Qxf3 Nbd7 12. Bf4 Ne5 13. Bxe5 dxe5 14. Rad1 Bd6 15. Bb3 a6 16. Rc1 1/2-1/2

[Event "Tarragona-ch Seniors"]
[Site "Cambrils"]
[Date "2020.02.20"]
[Round "5.15"]
[White "Figueras Perez, Robert"]
[Black "Menchon Lopez, Ricardo"]
[Result "1-0"]
[WhiteElo "1689"]
[BlackElo "1507"]
[PlyCount "59"]
[EventDate "2020.01.23"]
[EventType "swiss"]
[EventRounds "8"]
[EventCountry "ESP"]
[SourceTitle "EXT 2024"]
[Source "ChessBase"]
[SourceDate "2023.10.10"]
[SourceVersion "1"]
[SourceVersionDate "2023.10.10"]
[SourceQuality "1"]

1. e4 e5 2. Nf3 Nc6 3. Bb5 d6 4. d4 Bd7 5. 0-0 Be7 6. c3 Nf6 7. Re1 0-0 8. Nbd2 a6 9. Ba4 b5 10. Bc2 Bg4 11. Nf1 Bxf3 12. gxf3 Nh5 13. Ne3 Nf4 14. Nf5 Bg5 15. Bxf4 Bxf4 16. Kh1 g6 17. Rg1 Kh8 18. Ng3 Qh4 19. Rg2 h5 20. Ne2 g5 21. Qg1 Rg8 22. Bb3 Raf8 23. Rd1 Qh3 24. Rd3 Rg7 25. Nxf4 exf4 26. Bc2 f6 27. a3 Ne7 28. e5 Nf5 29. exf6 Rxf6 30. Rxg5 1-0

[Event "Tarragona-chB"]
[Site "Tarragona"]
[Date "2017.11.19"]
[Round "8"]
[White "Masalias Xifre, Jaime"]
[Black "Menchon Lopez, Ricardo"]
[Result "1-0"]
[WhiteElo "1571"]
[BlackElo "1580"]
[PlyCount "121"]
[EventDate "2017.10.08"]
[EventType "swiss"]
[EventRounds "9"]
[EventCountry "ESP"]
[SourceTitle "CBM 181 Extra"]
[Source "ChessBase"]
[SourceDate "2017.12.12"]
[SourceVersion "1"]
[SourceVersionDate "2017.12.12"]
[SourceQuality "1"]

1. d4 Nf6 2. c4 g6 3. Nc3 Bg7 4. e4 d6 5. Nf3 0-0 6. h3 e5 7. d5 Nbd7 8. Be3 a5 9. a3 b6 10. Be2 Bb7 11. Qc1 Re8 12. g4 Nc5 13. Nd2 Ba6 14. b4 axb4 15. axb4 Ncd7 16. g5 Nh5 17. Bxh5 gxh5 18. b5 Bb7 19. h4 Rxa1 20. Qxa1 Qa8 21. Qd1 Qa5 22. Ncb1 Nc5 23. Bxc5 bxc5 24. Qxh5 Qa1 25. Qf3 Qd4 26. Qc3 Ra8 27. Rh3 Bc8 28. Rd3 Qxc3 29. Rxc3 f5 30. f3 Ra1 31. Ra3 Rxa3 32. Nxa3 Kf7 33. Nc2 f4 34. Ke2 Kg6 35. Ne1 Bh3 36. Kf2 h6 37. gxh6 Kxh6 38. Ng2 Bxg2 39. Kxg2 Kh5 40. Nb3 Kxh4 41. Na5 Kg5 42. Nb7 Bf8 43. Nd8 Be7 44. Ne6+ Kf6 45. Nxc7 Bd8 46. Ne8+ Ke7 47. Ng7 Bb6 48. Kh3 Bc7 49. Kg4 Kf7 50. Ne6 Bb6 51. Kf5 Ba5 52. Ng5+ Ke7 53. Kg6 Bb6 54. Ne6 Ba5 55. Ng7 Bb6 56. Nf5+ Kd7 57. Kf7 Bc7 58. Ng7 Bb6 59. Ne8 Ba7 60. Nf6+ Kd8 61. Ke6 1-0

[Event "Tarragona Province-ch Seniors"]
[Site "Salou"]
[Date "2014.02.27"]
[Round "5"]
[White "Menchon Lopez, Ricardo"]
[Black "Serrano Navas, Antonio"]
[Result "1/2-1/2"]
[WhiteElo "1727"]
[BlackElo "1741"]
[PlyCount "95"]
[EventDate "2014.01.30"]
[EventType "swiss"]
[EventRounds "8"]
[EventCountry "ESP"]
[SourceTitle "EXT 2024"]
[Source "ChessBase"]
[SourceDate "2023.10.10"]
[SourceVersion "1"]
[SourceVersionDate "2023.10.10"]
[SourceQuality "1"]

1. e4 e5 2. Nf3 d6 3. Nc3 a6 4. d4 exd4 5. Nxd4 Nf6 6. Bg5 Be7 7. Be2 0-0 8. 0-0 h6 9. Bh4 Nh7 10. Bg3 Bd7 11. a4 Re8 12. f4 Bf6 13. Bf3 Nc6 14. Bf2 Nxd4 15. Bxd4 Be6 16. Qd2 Re7 17. Rfe1 Qe8 18. Re2 Qd7 19. Rae1 Rae8 20. b3 b5 21. axb5 axb5 22. b4 Kf8 23. h3 Bxd4+ 24. Qxd4 Nf6 25. g4 Nh7 26. Nd5 Bxd5 27. exd5 Rxe2 28. Rxe2 Rxe2 29. Bxe2 Nf6 30. Bf3 Nh7 31. Kg2 Nf6 32. Kg3 Qe8 33. Kf2 Qd7 34. c4 bxc4 35. Qxc4 Ne8 36. b5 Qe7 37. Qd4 Qh4+ 38. Kg2 Qe1 39. Qc4 Qd2+ 40. Kg3 Qa5 41. Qc6 Qb6 42. Qd7 Qg1+ 43. Bg2 Qe1+ 44. Kh2 Qe7 45. Qc6 Qe3 46. Qc4 Qc5 47. Qa4 Qb6 48. Qc4 1/2-1/2

[Event "Tarragona Province-ch Seniors"]
[Site "Salou"]
[Date "2014.02.20"]
[Round "4"]
[White "Otero Velasco, Federico"]
[Black "Menchon Lopez, Ricardo"]
[Result "1-0"]
[WhiteElo "1941"]
[BlackElo "1727"]
[PlyCount "57"]
[EventDate "2014.01.30"]
[EventType "swiss"]
[EventRounds "8"]
[EventCountry "ESP"]
[SourceTitle "EXT 2024"]
[Source "ChessBase"]
[SourceDate "2023.10.10"]
[SourceVersion "1"]
[SourceVersionDate "2023.10.10"]
[SourceQuality "1"]

1. d4 Nf6 2. c4 g6 3. Nc3 Bg7 4. e4 d6 5. Bg5 h6 6. Bh4 0-0 7. f4 Re8 8. Nf3 Bg4 9. Be2 Bxf3 10. Bxf3 c6 11. 0-0 Qc7 12. Qc2 Nbd7 13. e5 dxe5 14. fxe5 Nh7 15. Qf2 e6 16. Be4 Ndf8 17. Rad1 g5 18. Bg3 Re7 19. Bxh7+ Nxh7 20. Ne4 Rf8 21. Nf6+ Kh8 22. Nh5 Rd8 23. h4 Rf8 24. hxg5 hxg5 25. Qe3 Qd8 26. Nf6 Bxf6 27. Rxf6 Nxf6 28. exf6 Rd7 29. Qxg5 1-0